MARC
| LEADER | 00000cam a2200000 7i4500 | ||
|---|---|---|---|
| 001 | 0000016691 | ||
| 005 | 20060704.0 | ||
| 040 | |a INS | ||
| 090 | 0 | 0 | |a KK232 |
| 100 | 1 | |a Kamaruzzaman Alias | |
| 245 | 1 | 0 | |a Education and traning to exploit the land and its produce |c Kamaruzzaman Alias |
| 260 | |a 1978 | ||
| 300 | |a 18 P. ; |c 29 cm. | ||
| 650 | 0 | 0 | |a Land use |z Malaysia |
| 999 | |a KK00000530 |b BOOK |c Open Shelf |e Default branch | ||